000
00350nam a2200169Ia 4500
100
_a
Basu/Prabir K/ Dhasmana H
650
_a
Physics
250
_a
2
942
_c
BK
366
_f
25
245
_a
Engineering physics
260
_b
Ane Books India
_c
2010
082
_a
530
_b
BAS
300
_a
190
546
_a
ENGLISH
_c
Computers
999
_c
23620
_d
23620